| 000 | 00513cam a2200193ua 4500 | ||
|---|---|---|---|
| 020 | _c150.00 | ||
| 041 |
_aeng _h |
||
| 082 |
_a025.52 _bBHU/FU |
||
| 100 | _aBhubaneswar, Chakrabarti . | ||
| 245 |
_aFundamentals of reference service / _cBhubaneswar Chakrabarti. _hTextual Documents |
||
| 250 |
_a1 / _b. |
||
| 260 |
_aCulcutta : _bWorld press pvt ltd , _c1985. |
||
| 300 | _a247 ; . | ||
| 365 | _a150.00 | ||
| 504 | _a | ||
| 700 | 1 | _aBenoyendra, Sen Gupta . | |
| 942 | _cBK | ||
| 999 |
_c5750 _d5750 |
||